Elogio de la palabra / Joan Maragall ; traducción de Enrique Sordo ; edición y prólogo de Jordi Maragall
Descripción Física:
228 p. ; 22 cm
Colección:
Marca Hispánica
MARC
| LEADER | 00000nam a2200000Ia 4500 | ||
|---|---|---|---|
| 001 | 2342 | ||
| 008 | 160829s1986 xx 000 0 cat d | ||
| 080 | |a L-1-86 | ||
| 100 | |a Maragall, Joan, |d 1860-1911 |9 25778 | ||
| 245 | |a Elogio de la palabra / Joan Maragall ; traducción de Enrique Sordo ; edición y prólogo de Jordi Maragall | ||
| 260 | |a Barcelona : |b Edicions del Mall, |c 1986 | ||
| 300 | |a 228 p. ; |c 22 cm | ||
| 490 | |a Marca Hispánica | ||
| 590 | |a Edició bilingüe, català-castellà. Títol original: 'Elogi de la paraula'. | ||
| 700 | 1 | |a Sordo, Enrique |e traductor |9 29641 | |
| 700 | |a Maragall, Jordi, |d 1911-1999 |e editor, autor del pròleg |9 42811 | ||
| 901 | |a Arxiu | ||
| 942 | |n 1 |2 udc | ||
| 952 | |0 0 |1 0 |4 0 |6 L186 |7 1 |9 44943 |a Arxiu |b Arxiu |d 2016-12-01 |l 0 |o L-1-86 |p 2342 |r 2016-12-01 00:00:00 |w 2016-12-01 |y ARXIU | ||
| 999 | |c 47542 |d 47542 | ||